Sheikh mujib's 6-point formula : (Record no. 344748)
[ view plain ]
| 000 -LEADER | |
|---|---|
| fixed length control field | 00619 a2200169 4500 |
| 020 ## - INTERNATIONAL STANDARD BOOK NUMBER | |
| International Standard Book Number | 9694071763 |
| 020 ## - INTERNATIONAL STANDARD BOOK NUMBER | |
| International Standard Book Number | 9789694071763 |
| 090 ## - LOCALLY ASSIGNED LC-TYPE CALL NUMBER (OCLC); LOCAL CALL NUMBER (RLIN) | |
| -- | 2246 |
| -- | 2246 |
| 100 1# - MAIN ENTRY--PERSONAL NAME | |
| Personal name | Humayun, Syed. |
| 245 10 - TITLE STATEMENT | |
| Title | Sheikh mujib's 6-point formula : |
| Remainder of title | an analytical study of the breakup of pakistan / |
| Statement of responsibility, etc. | Syed Humayun. |
| 260 ## - PUBLICATION, DISTRIBUTION, ETC. | |
| Place of publication, distribution, etc. | [S.l.] : |
| Name of publisher, distributor, etc. | Royal Book Co, |
| Date of publication, distribution, etc. | 1995. |
| 300 ## - PHYSICAL DESCRIPTION | |
| Extent | 496 p. |
| 500 ## - GENERAL NOTE | |
| General note | Unknown Binding. |
| 856 40 - ELECTRONIC LOCATION AND ACCESS | |
| Materials specified | Amazon.com |
| Uniform Resource Identifier | <a href="http://www.amazon.com/exec/obidos/ASIN/9694071763/chopaconline-20">http://www.amazon.com/exec/obidos/ASIN/9694071763/chopaconline-20</a> |
| 856 40 - ELECTRONIC LOCATION AND ACCESS | |
| Materials specified | Amazon customer reviews |
| Uniform Resource Identifier | <a href="http://www.chopac.org/cgi-bin/tools/azrev.pl?q=9694071763">http://www.chopac.org/cgi-bin/tools/azrev.pl?q=9694071763</a> |
| 942 ## - ADDED ENTRY ELEMENTS (KOHA) | |
| Institution code [OBSOLETE] | NBS |
| Koha item type | Book |
| Call number prefix | 954.92 HUM |
| Withdrawn status | Lost status | Damaged status | Not for loan | Permanent Location | Current Location | Date acquired | Total Checkouts | Full call number | Barcode | Date last seen | Date last checked out | Price effective from | Koha item type |
|---|---|---|---|---|---|---|---|---|---|---|---|---|---|
| Central Library (CL) | Central Library (CL) | 08/28/2013 | 1 | 954.92 HUM | NBS6234 | 11/23/2017 | 08/28/2017 | 08/28/2013 | Book |
